000 00876nam a2200241 4500
001 vtls001758260
003 MY-SjTCS
005 20200226121227.0
008 110218t2000 at 00 eng
020 _a0733905951
039 9 _a201908271318
_bummi
_c201102181440
_dVLOAD
_c200412221053
_dramlah
_y200407271909
_zVLOAD
082 0 4 _a658.4012
_bVIL
100 1 _aViljoen, John.
_92912
245 1 0 _aStrategic management :
_bplanning and implementing successful corporate strategies /
_cJohn Viljoen, Susan Dann
250 _a3rd ed.
260 _aFrenchs Forest, N.S.W. :
_bPearson Education Australia,
_c2000
300 _axiv, 634 p. ;
_c23 cm.
590 _aAustralian Degree Programme : 21193T
650 0 _aBusiness planning
650 0 _aStrategic planning
700 1 _aDann, Susan J.
_e(j.a.)
_910372
920 _aAUDP : 55082, 55083, 55084, 55085, 55086, 55087
999 _c179014